| 000 | 00589nam a22001937a 4500 | ||
|---|---|---|---|
| 999 |
_c61707 _d61707 |
||
| 005 | 20240419095815.0 | ||
| 008 | 240419s2006 enk||||| |||| 00| 0 eng d | ||
| 020 | _a9781416033851x | ||
| 041 | _aeng | ||
| 080 | _a611(084.4) N-47 | ||
| 100 |
_aNetter, Frank H. _98646 |
||
| 245 |
_aAtlas of Human Anatomy / _cFrank H. Netter. |
||
| 250 | _aFourth Edition | ||
| 264 |
_aPhiladephia : _bSaunders, _c2006. |
||
| 300 |
_a560 p.: _bill.; _c30 cm. |
||
| 653 | _aადამიანის ანატომია | ||
| 653 | _aმედიცინა | ||
| 942 |
_2udc _cᲬᲘᲒᲜᲘ |
||